Quizzes
Events
Quiz Creation
Community
Videos
Private Events
Remove Ads
Sign In
Join for FREE
Feedback
Dark Mode
Quiz Categories
Sports
Geography
Music
Movies
Television
Just For Fun
Miscellaneous
History
Literature
Language
Science
Gaming
Entertainment
Religion
Holiday
For Kids
Quiz Lab
Recent
Popular Today
Quiz Kudos Today
Editor Picks
Curator Picks
Quizzes by...
Day
Popularity
Type
Ratings
Length
Year
Community
Subscriptions
Recent Discussions
Orange Saloon
Badges
Playlists
Quests
Create
Leaderboards
Showdown
Live 5
Trivia Bingo
Activity
Puzzle Library
Sporcle Events
Private Events
Virtual Trivia
Globe League
Become a Host
Pub Owners
SporcleCon
Opinionation
Our Games
Videos
Blog
Mobile Apps
Partnerships
Remove Ads and Go Orange
Feedback
Sports
Athletes
MLB
NBA
NHL
NFL
Soccer
Sports Teams
WWE
NCAA
Football
Premier League
Basketball
Baseball
Hockey
Golf
Tennis
Cricket
Rugby
Auto Racing
Olympics
World Cup
Sports
Athletes
MLB
NBA
NHL
NFL
Soccer
Sports Teams
WWE
NCAA
Football
Premier League
Basketball
Baseball
Hockey
Golf
Tennis
Cricket
Rugby
Auto Racing
Olympics
World Cup
Random Quiz
Search Sporcle
×
Quiz Lab
Quiz Lab
Sports
Yds
Type in answers that appear in a list
Type in answers that appear in a list
Classic
Best Score? Go Orange.
2009 most pass yds by NON wk 1 starter Stats
Can you name the 2009 most pass yds by NON wk 1 starter?
By
diss42
6m
15 Questions
63 Plays
63 Plays
63 Plays
Comments
Comments
Give Quiz Kudos
Give Quiz Kudos
-
- Ratings
hide this ad
Replay
Link that replays current quiz
Next Quiz
Link to next quiz in quiz playlist
You Got
0%
They Got
Avg Score
52%
Avg Friend Score
Upgrade to see
Score Distribution
Jump to the score distribution portion of the page
Score
0/15
Timer
06:00
0
Plays Today
# of passing yards
Name
% Correct
741 yds
Kevin Kolb
73%
2,350 yds
Alex Smith
71.4%
1,422 yds
Ryan Fitzpatrick
71.4%
2,878 yds
Chad Henne
66.7%
888 yds
Derek Anderson
65.1%
1,879 yds
Vince Young
63.5%
1,855 yds
Josh Freeman
58.7%
2,924 yds
Matt Cassel
54%
# of passing yards
Name
% Correct
1,053 yds
Matt Moore
54%
1,007 yds
Bruce Gradkowski
50.8%
700 yds
Seneca Wallace
47.6%
685 yds
Josh Johnson
44.4%
945 yds
Daunte Culpepper
39.7%
899 yds
Kyle Boller
15.9%
781 yds
Chris Redman
9.5%
Quiz Playlist
Details
Report
Send in Message
Add To Playlist
Classic:
Type in answers that appear in a list
Quiz Source
Last Updated: Feb 16, 2017
Quiz Scoreboard
CHALLENGE
Sign Up to Join the Scoreboard
Show All
Scores
Hide
Comments
May contain spoilers
Recently Published
An Introduction to Baseball
by treessimontrees
Sports
5m
Movies - When Are They Set?
by FPL_Elf
Movies
5m
Popular People in 1961
by mucciniale
History
6m
More to Explore
Quiz From the Vault
Featured Blog Post
Where Did the Easter Bunny Come From?
hide this ad
You Might Also Like...
Tags
2009
Passing
Starter
team
Week
Yard
Yds
Today's Top Quizzes in Sports
Browse Sports
hide this ad
Today's Top Quizzes in Yds
Browse Yds
Top Contributed Quizzes in Sports
1
Les meilleurs buteurs des matchs entre le PSG et l’OM
2
2022 World Cup Stars
3
FIFA Club World Cup Champions
4
Les entraîneurs de l'OM et du PSG au 21e siècle
5
Name the Premier League winners with different clubs
6
La finale Lions - Afrique du Sud 2021
7
England Test cricketers to play under Nasser Hussain
8
5-to-1: UK Sports Teams
9
Les joueurs passés par le LOSC et le RC Lens
10
Criteria MLB: Left Handed Sluggers
Explore More
Trending Topics
NBA
Crossword
Kpop
Anime
Disney
Harry Potter
Marvel
Song
NFL
Pokémon
The Office
Soccer
WWE
Puzzle
Country
hide this ad
More By:
diss42
Quiz
Plays
Rating
Category
Featured
Created
NFL QB Rushing Leaders (Season)
64,071
4.45
Sports
Dec 31, 2010
Players with a TD pass in Super Bowl
2,487
4.33
Sports
Jan 10, 2011
MLB players with OPS over 1.000 since 1990
352
4.83
Sports
Apr 22, 2011
NFL RBs/FBs with 50+ catches 2000-2009
329
5.00
Sports
Dec 30, 2010
NFL individual leaders 2000-2009
300
4.67
Sports
Feb 16, 2011
Go to Creator's Profile
Score Distribution
Quiz Creator Spotlight
diss42
Follow
Send a Message
Quizzes Created
-
Created Quiz Play Count
-
More By This Creator
Popular Quizzes Today
1
Find the Countries of Europe - No Outlines Minefield
2
Find the US States - No Outlines Minefield
3
The Countries of the World
4
Popular People in 1961
5
Find the US States
6
US States
7
1-10 Letter E Words III
8
Risky Map Clicking: Biggest States A-Z
More Sports Quizzes
NFL Hall-of-Famers Named John
Curator's Pick
Trending Quizzes
Risky Map Clicking: Least Populous States A-Z
1-10 Letter F Words
1-10 Letter G Words
Not Quite an Element Typing Challenge
One Thing in Common: United Kingdom
Recently Updated
Leaping Animals
pecheneg
Reality TV Shows (A-Z)
bhenderson79
Rickey Henderson's Hall of Fame Teammates
pecheneg
Champions League XIs: Arsenal
pecheneg
Quick Pick: Celebrities in WWE's Hall of Fame
aduchscher
A-Z Keypad Blitz II
pecheneg
Multiple Oscar Actors
pecheneg
Mystery Phrase Blitz: Oscar 'Best Actors'
pecheneg
F. Scott Fitzgerald Novels
LTH
Pick 3 Villains
ddd62291
Trending Topics
NBA
Crossword
Kpop
Harry Potter
Marvel
Disney
Anime
Soccer
Song
WWE
NFL
Pokémon
Country
Puzzle
The Office
Your Account Isn't Verified!
In order to create a playlist on Sporcle, you need to verify the email address you used during registration. Go to your
Sporcle Settings
to finish the process.
Report this User
Report this user for behavior that violates our
Community Guidelines
.
Details:
Send Report
Go to the Sporcle.com Mobile Site →
Comments